000
00421nam a2200145Ia 4500
008
100122s9999 xx 000 0 und d
082
_b
7498
_a
823.08
100
_a
खांडेकर वि स
245
_a
विद्युत प्रकाश
260
_c
1937
300
_a
162
630
_a
विद्युत प्रकाश
730
_a
विद्युत प्रकाश
942
_c
BOOK
999
_c
400179
_d
400176